000 00577nam a2200181Ia 4500
003 GCL
008 140319s9999 xx 000 0 ara d
040 _aGCL /
_cGCL
082 0 4 _a189
_bم ت
100 1 _aمصطفى عبدالرازق
245 1 0 _aتمهيد لتاريخ الفلسفة الاسلامية /
_cمصطفى عبدالرازق
260 _a[S.N] :
_bلجنة التأليف والترجمة والنشر
300 _a350 ص
490 _a
650 0 4 _aالفلسفة الاسلامية
650 0 4 _aالفلاسفة المسلمون
942 _2ddc
_cBK
999 _c35193
_d35193